Oficium in festo et per octavam Pentecostés, una cum commemorationibus festorum simplicium, quae infra eam occurrunt

Detalles Bibliográficos
Formato: Libro
Publicado: Madrid 1781
Materias:
Colección:Banco de datos
Acervo:Biblioteca del Ex Convento de Nuestra Señora de Guadalupe. Zacatecas
Tema general:Liturgia
Notas:Buena. IV,7,9(1204). Ex libris manuscrito de fray Francisco Morales en el verso de la portada; además de otro de M. Romo en la guarda. Sin marca de fuego
LEADER 00823nam a22001810004500
035 |a 39135 
036 |a 319 
245 1 0 |a Oficium in festo et per octavam Pentecostés, una cum commemorationibus festorum simplicium, quae infra eam occurrunt 
260 |a Madrid  |b imp. Joachim Ibarra  |c 1781 
500 |a Buena. IV,7,9(1204). Ex libris manuscrito de fray Francisco Morales en el verso de la portada; además de otro de M. Romo en la guarda. Sin marca de fuego 
650 1 0 |a Liturgia 
949 |a CRZ-CG 
959 |a Ex convento de Nuestra Señora de Guadalupe, Museo Regional de Zacatecas, Zacatecas  |b CCC4 
960 |a Convento de Nuestra Señora de Guadalupe, Zacatecas  |b DD87 
961 |a Franciscana  |b OF 
942 |c CRZ-CG 
943 |g Biblioteca del Ex Convento de Nuestra Señora de Guadalupe. Zacatecas 
999 |c 963262  |d 963262